000 00751nam a2200205Ia 4500
003 GCL
008 140319s9999 xx 000 0 ara d
040 _aGCL /
_cGCL
082 0 4 _a219.3
_bز ن
100 1 _aزكريا عبد المنعم ابراهيم الخطي
245 1 0 _aنظام الشورى فى الاسلام ونظم الديمقراطية المعاصرة /
_cزكريا عبد المنعم ابراهيم الخطي
260 _a[S.N] :
_bلجنة الاعلام والدراسات المستقبلية ،
_c1985
300 _a456 ص
490 _a
650 0 4 _aالديمقراطية
650 0 4 _aالشورى
650 0 4 _aالاسلام والسياسة
650 0 4 _aالمرأة فى الاسلام
942 _2ddc
_cBK
999 _c29935
_d29935